Voľby v roku 2006

Bibliographic Details
Main Author: Krivý, Vladimír, 1948- (Author)
Format: Article
Language:Slovak
Subjects:

MARC

LEADER 00000nab a2200000 ar4500
001 vtls009323846
003 SK-MaSNL
005 20260304042940.0
008 080819c2007 xo |r||||||||||00 ||slo
015 |a SNBRA2008/01  |2 snkbucl 
038 |a SNKBUCL 
040 |a SNKBUCL  |b slo  |c SNKBUCL  |e AACR2 
041 1 |a slo 
044 |a xo  |c SK 
080 |a 324:342.53  |x (437.6)  |x "2006"  |2 2001 
080 |a 324:352  |x (437.6)  |x "2006"  |2 2001 
100 1 |a Krivý, Vladimír,  |d 1948-  |4 aut  |9 110266 
245 1 0 |a Voľby v roku 2006  |c Vladimír Krivý 
300 |b Grafy, tab. 
500 |a Publikácia vyšla paralelne v anglickej verzii Slovakia 2006 : a global report on the state of society 
504 |a Bibliogr. odkazy 
648 7 |a 2006  |2 snkbucl  |9 313148 
650 0 7 |a parlamentné voľby  |2 snkbucl  |9 1623 
650 0 7 |a komunálne voľby  |2 snkbucl  |9 4164 
651 7 |a Slovensko  |2 snkbucl 
773 0 |t Slovensko 2006 : súhrnná správa o stave spoločnosti  |d Bratislava : Inštitút pre verejné otázky, 2007  |g S. 108-149  |z 8088935926 
852 |a SNK  |b KIS3GCP 
958 |a NB 
999 |c 2677310  |d 2679240